[Event "Australian Junior Championship U16 2017"]
[Site "?"]
[Date "2017.01.15"]
[Round "3.6"]
[White "Salasan, Haran"]
[Black "Rathnayake, Leron"]
[Result "1-0"]
[WhiteElo "1535"]
[BlackElo "1003"]
[PlyCount "83"]
[EventType "swiss"]
[EventRounds "4"]
[SourceDate "2017.01.16"]

1. d4 Nf6 2. c4 e6 3. g3 d5 4. Nf3 c5 5. Bg2 Be7 6. O-O O-O 7. cxd5 exd5 8.
dxc5 Bxc5 9. Nc3 Bf5 10. Bg5 Qd6 11. Bxf6 Qxf6 12. Qxd5 Nd7 13. e4 Be6 14. Qd2
Rfd8 15. Qg5 Qxg5 16. Nxg5 Bc4 17. Rfd1 Ne5 18. Nh3 Nd3 19. Rd2 Ba6 20. Rad1
Rd7 21. Bf1 Rad8 22. Nd5 Ne5 23. Kg2 Bxf1+ 24. Kxf1 Nf3 25. Rd3 Nxh2+ 26. Kg2
Ng4 27. Ne7+ Kf8 28. Rxd7 Rxd7 29. Rxd7 Bxe7 30. Rxb7 a5 31. Rb8+ Bd8 32. Rxd8+
Ke7 33. Ra8 Ne5 34. Rxa5 Nd3 35. Ra7+ Ke6 36. Nf4+ Nxf4+ 37. gxf4 Kf6 38. b4 h6
39. b5 g5 40. fxg5+ hxg5 41. b6 Kg6 42. b7 1-0

[Event "Australian Junior Championship U16 2017"]
[Site "?"]
[Date "2017.01.15"]
[Round "3.9"]
[White "Sarney, Jim"]
[Black "Mercado, Rover-Leigh"]
[Result "1/2-1/2"]
[WhiteElo "1135"]
[BlackElo "971"]
[PlyCount "42"]
[EventType "swiss"]
[EventRounds "4"]
[SourceDate "2017.01.16"]

1. e4 e5 2. Nc3 Nc6 3. Bc4 Nf6 4. f4 d6 5. Nf3 Bg4 6. h3 Bxf3 7. Qxf3 Nd4 8.
Qd1 Be7 9. O-O O-O 10. d3 Kh8 11. f5 a6 12. a4 h6 13. Be3 c5 14. Nd5 Nxd5 15.
Bxd5 Rb8 16. c3 Nc6 17. Qh5 Kg8 18. Bxh6 Bf6 19. Qg4 Ne7 20. Qg3 Nxd5 21. exd5
Kh7 1/2-1/2

[Event "Australian Junior Championship U16 2017"]
[Site "?"]
[Date "2017.01.15"]
[Round "3.1"]
[White "Slater-Jones, Henry"]
[Black "Hathiramani, Dillon"]
[Result "0-1"]
[WhiteElo "1693"]
[BlackElo "1835"]
[PlyCount "42"]
[EventType "swiss"]
[EventRounds "4"]
[SourceDate "2017.01.16"]

1. d4 Nf6 2. c4 e6 3. Nc3 Bb4 4. Qc2 d5 5. cxd5 exd5 6. e3 O-O 7. Bd3 c5 8.
dxc5 Bxc5 9. Nf3 Nc6 10. a3 Bg4 11. Nd2 d4 12. Nb3 Bb6 13. exd4 Re8+ 14. Kf1
Nxd4 15. Nxd4 Bxd4 16. Bd2 Rc8 17. Rc1 Bh5 18. f3 Bb6 19. Re1 Qd4 20. Rxe8+
Rxe8 21. Be1 Ng4 0-1

[Event "Australian Junior Championship U16 2017"]
[Site "?"]
[Date "2017.01.15"]
[Round "3.3"]
[White "Yap, Ignatius"]
[Black "Gooch, Aryn"]
[Result "1-0"]
[WhiteElo "1865"]
[BlackElo "1074"]
[PlyCount "133"]
[EventType "swiss"]
[EventRounds "4"]
[SourceDate "2017.01.16"]

1. e4 e5 2. Nf3 Nc6 3. Bb5 a6 4. Bxc6 dxc6 5. O-O f6 6. d4 Bg4 7. dxe5 Qxd1 8.
Rxd1 fxe5 9. Be3 Bd6 10. Nbd2 Nf6 11. Re1 O-O 12. Bg5 Nd7 13. h3 Bh5 14. Nh4
Nc5 15. Nf5 Nxe4 16. Nxe4 Rxf5 17. g4 Rxg5 18. Nxg5 Bg6 19. c3 Rf8 20. Kg2 Bf7
21. Nxf7 Rxf7 22. Rad1 Bc5 23. Rd8+ Rf8 24. Rxf8+ Bxf8 25. Rxe5 Bd6 26. Re2 Kf7
27. Kf3 Kf6 28. Ke4 Kg5 29. Re3 Bf4 30. Rf3 Bd6 31. Rf7 Kg6 32. Rf5 h6 33. h4
Kh7 34. Rf7 Kg6 35. Rf5 Kh7 36. h5 Kg8 37. Rf3 Bh2 38. Kf5 Kf7 39. Rd3 Bd6 40.
g5 hxg5 41. Kxg5 Be7+ 42. Kf5 Bd6 43. Rf3 Be7 44. Ke5+ Bf6+ 45. Rxf6+ gxf6+ 46.
Kf5 b5 47. h6 c5 48. h7 Kg7 49. f4 b4 50. h8=Q+ Kxh8 51. Kxf6 Kg8 52. Ke7 a5
53. f5 bxc3 54. bxc3 Kg7 55. f6+ Kg6 56. f7 Kf5 57. f8=Q+ Ke4 58. Qc8 Kd3 59.
Qxc7 Kxc3 60. Qxc5+ Kb2 61. Ke6 Ka1 62. Kd5 a4 63. Qc1+ Kxa2 64. Kc4 a3 65.
Qc2+ Ka1 66. Kb3 a2 67. Qd1# 1-0

[Event "Australian Junior Championship U16 2017"]
[Site "?"]
[Date "2017.01.16"]
[Round "4.5"]
[White "Chan, Jacob"]
[Black "Slater-Jones, Henry"]
[Result "1/2-1/2"]
[WhiteElo "1315"]
[BlackElo "1693"]
[PlyCount "99"]
[EventType "swiss"]
[EventRounds "4"]
[SourceDate "2017.01.16"]

1. e4 c5 2. Nc3 a6 3. f4 b5 4. a3 Bb7 5. Nf3 Nc6 6. d3 g6 7. g3 Bg7 8. Bg2 d6
9. O-O e6 10. Qe1 Nge7 11. g4 Nd4 12. Nxd4 Bxd4+ 13. Kh1 O-O 14. Ne2 Bg7 15.
Ng3 Qc7 16. f5 exf5 17. gxf5 f6 18. Bf4 Rae8 19. Qd2 Qb6 20. Rae1 d5 21. Be3 d4
22. Bg1 Qd6 23. Rf3 Nc6 24. h3 Ne5 25. Rff1 Rc8 26. Bh2 Rfd8 27. h4 Ng4 28. Qf4
Qxf4 29. Rxf4 Nxh2 30. Kxh2 c4 31. Re2 a5 32. fxg6 hxg6 33. h5 gxh5 34. Nxh5
Kf7 35. e5 Rh8 36. Bxb7 Rxh5+ 37. Kg3 Re8 38. Rxd4 Rg5+ 39. Kf4 Rgxe5 40. Rd7+
R8e7 41. Rxe7+ Rxe7 42. Rxe7+ Kxe7 43. dxc4 bxc4 44. Bd5 Bh6+ 45. Kf5 Bc1 46.
Bxc4 Bxb2 47. a4 Kd6 48. Bb5 Bc3 49. Be8 Kc5 50. Bb5 1/2-1/2

[Event "Australian Junior Championship U16 2017"]
[Site "?"]
[Date "2017.01.16"]
[Round "4.2"]
[White "Gooch, Heath"]
[Black "Ostapenko, Michael"]
[Result "1-0"]
[WhiteElo "1750"]
[BlackElo "1777"]
[PlyCount "43"]
[EventType "swiss"]
[EventRounds "4"]
[SourceDate "2017.01.16"]

1. e4 e6 2. d4 d5 3. Nc3 Nf6 4. e5 Nfd7 5. f4 c5 6. Nf3 Nc6 7. Be3 a6 8. Qd2 b5
9. dxc5 Bxc5 10. Bd3 d4 11. Nxd4 Nxd4 12. Ne4 Bb6 13. Nd6+ Kf8 14. Be4 Nxc2+
15. Qxc2 Rb8 16. Bxb6 Nxb6 17. Rd1 Bd7 18. Qc5 Kg8 19. Nb7 Na4 20. Qd6 Rxb7 21.
Bxb7 Nb6 22. Bc6 1-0

[Event "Australian Junior Championship U16 2017"]
[Site "?"]
[Date "2017.01.16"]
[Round "4.6"]
[White "Harris, Patrick"]
[Black "Salasan, Haran"]
[Result "0-1"]
[WhiteElo "1169"]
[BlackElo "1535"]
[PlyCount "36"]
[EventType "swiss"]
[EventRounds "4"]
[SourceDate "2017.01.16"]

1. e4 e6 2. d4 d5 3. exd5 exd5 4. Nf3 Bd6 5. Bd3 Ne7 6. O-O Nbc6 7. c4 dxc4 8.
Bxc4 Bf5 9. Nc3 O-O 10. Bg5 Bg4 11. Nd5 Bxf3 12. gxf3 Qd7 13. Kg2 Nf5 14. Bf6
Kh8 15. Be5 Nxe5 16. dxe5 Bxe5 17. Ne3 Nh4+ 18. Kh1 Qh3 0-1

[Event "Australian Junior Championship U16 2017"]
[Site "?"]
[Date "2017.01.16"]
[Round "4.1"]
[White "Hathiramani, Dillon"]
[Black "Bayaca, Sterling"]
[Result "1-0"]
[WhiteElo "1835"]
[BlackElo "1546"]
[PlyCount "33"]
[EventType "swiss"]
[EventRounds "4"]
[SourceDate "2017.01.16"]

1. d4 Nf6 2. Nf3 d5 3. Bf4 c6 4. e3 Bf5 5. c4 e6 6. Nc3 Nbd7 7. Qb3 Qb6 8. c5
Qxb3 9. axb3 Be7 10. b4 b6 11. Ba6 O-O 12. Bb7 bxc5 13. bxc5 Rab8 14. Bxb8 Rxb8
15. Rxa7 Nxc5 16. dxc5 Bxc5 17. Ra8 1-0

[Event "Australian Junior Championship U16 2017"]
[Site "?"]
[Date "2017.01.16"]
[Round "4.8"]
[White "Mercado, Rover-Leigh"]
[Black "Huang, Aaron"]
[Result "1-0"]
[WhiteElo "971"]
[BlackElo "683"]
[PlyCount "47"]
[EventType "swiss"]
[EventRounds "4"]
[SourceDate "2017.01.16"]

1. e4 c5 2. Nf3 g6 3. d4 cxd4 4. Nxd4 Bg7 5. Nc3 Nc6 6. Nxc6 bxc6 7. Be3 e6 8.
Qd2 Ne7 9. O-O-O Qa5 10. Bd4 e5 11. Be3 O-O 12. Qd6 Re8 13. Bg5 Bf8 14. Qf6 Rb8
15. Qf3 Bb7 16. h4 d5 17. h5 dxe4 18. Qxe4 Nf5 19. hxg6 fxg6 20. Bc4+ Kh8 21.
Bf6+ Ng7 22. Rxh7+ Kxh7 23. Rh1+ Nh5 24. Rxh5+ 1-0

[Event "Australian Junior Championship U16 2017"]
[Site "?"]
[Date "2017.01.16"]
[Round "4.13"]
[White "Odenthal, Dylan"]
[Black "Ilka, Alexander"]
[Result "0-1"]
[WhiteElo "344"]
[BlackElo "617"]
[PlyCount "28"]
[EventType "swiss"]
[EventRounds "4"]
[SourceDate "2017.01.16"]

1. d4 d5 2. Bf4 Nc6 3. e3 Nf6 4. Nc3 Bf5 5. Bd3 Bxd3 6. Qxd3 e6 7. Nf3 Nh5 8.
Nd2 Nxf4 9. exf4 Bd6 10. g3 h6 11. O-O Qf6 12. Rfe1 Na5 13. f5 O-O 14. fxe6
fxe6 0-1

[Event "Australian Junior Championship U16 2017"]
[Site "?"]
[Date "2017.01.16"]
[Round "4.12"]
[White "Vagionas, George"]
[Black "Waddell, Craig"]
[Result "0-1"]
[WhiteElo "564"]
[BlackElo "566"]
[PlyCount "102"]
[EventType "swiss"]
[EventRounds "4"]
[SourceDate "2017.01.16"]

1. d4 Nf6 2. c4 e6 3. Nc3 Bb4 4. Bd2 c5 5. e3 Nc6 6. Nf3 O-O 7. a3 Bxc3 8. Bxc3
d6 9. Qc2 a6 10. a4 a5 11. Bd3 h6 12. O-O Ne8 13. Qe2 Nc7 14. Bc2 Na6 15. Qd3
f5 16. e4 Nab4 17. Bxb4 Nxb4 18. Qe2 b6 19. exf5 exf5 20. Rfe1 Bb7 21. Rac1
Nxc2 22. Rxc2 Qe8 23. d5 Qxa4 24. Qd3 Bc8 25. Re7 Bd7 26. b3 Qa1+ 27. Qf1 Qxf1+
28. Kxf1 Rad8 29. Rce2 Rfe8 30. Nh4 g5 31. Nxf5 Rxe7 32. Nxe7+ Kf7 33. f3 Re8
34. Nc6 Bxc6 35. dxc6 Rc8 36. g3 Rxc6 37. h4 gxh4 38. gxh4 b5 39. Ra2 bxc4 40.
bxc4 Ra6 41. Ra4 Ke6 42. Ke2 d5 43. cxd5+ Kxd5 44. Kd3 Kc6 45. Kd2 Kb5 46. Ra2
Rf6 47. Ra3 Kb4 48. Re3 Rf4 49. Kc2 a4 50. Kb2 Rxh4 51. Ra3 Rh2+ 0-1

[Event "Australian Junior Championship U16 2017"]
[Site "?"]
[Date "2017.01.18"]
[Round "5.8"]
[White "Au, Alexander"]
[Black "Gooch, Aryn"]
[Result "1-0"]
[WhiteElo "1612"]
[BlackElo "1074"]
[PlyCount "39"]
[EventType "swiss"]
[EventRounds "4"]
[SourceDate "2017.01.16"]

1. e4 e5 2. Nf3 Nc6 3. d4 exd4 4. Bc4 Nf6 5. O-O Bc5 6. e5 Ng4 7. Bxf7+ Kf8 8.
Bb3 Ngxe5 9. Nxe5 Nxe5 10. Qh5 d6 11. f4 d3+ 12. Kh1 Qf6 13. Re1 Nf7 14. Nc3
Qf5 15. Qh4 Bd7 16. Be3 Qg4 17. Qf2 Bxe3 18. Qxe3 Bc6 19. Qe7+ Kg8 20. Qxf7#
1-0

[Event "Australian Junior Championship U16 2017"]
[Site "?"]
[Date "2017.01.18"]
[Round "5.13"]
[White "Vagionas, George"]
[Black "Odenthal, Dylan"]
[Result "1-0"]
[WhiteElo "564"]
[BlackElo "344"]
[PlyCount "65"]
[EventType "swiss"]
[EventRounds "4"]
[SourceDate "2017.01.16"]

1. d4 g6 2. c4 Bg7 3. Nc3 c5 4. e3 Qa5 5. Nf3 Nc6 6. Be2 d6 7. O-O Nf6 8. Bd2
cxd4 9. exd4 Bg4 10. Nd5 Qd8 11. Bc3 e6 12. Ne3 d5 13. Nxg4 Nxg4 14. Qc2 Qb6
15. Rfd1 O-O-O 16. c5 Qc7 17. g3 Rhe8 18. Ng5 Nh6 19. Rab1 Rh8 20. b4 a5 21. b5
Ne7 22. b6 Qb8 23. Bxa5 e5 24. Bc3 Nc6 25. Nf3 Rhe8 26. Bb5 Nxd4 27. Nxd4 exd4
28. Bxd4 Bxd4 29. Bxe8 Qe5 30. Re1 Qf6 31. Re2 Bxf2+ 32. Rxf2 Rxe8 33. Rxf6 1-0

[Event "Australian Junior Championship U16 2017"]
[Site "?"]
[Date "2017.01.18"]
[Round "5.6"]
[White "Sarney, Jim"]
[Black "Chan, Jacob"]
[Result "1/2-1/2"]
[WhiteElo "1135"]
[BlackElo "1315"]
[PlyCount "47"]
[EventType "swiss"]
[EventRounds "4"]
[SourceDate "2017.01.16"]

1. e4 c6 2. Nc3 d5 3. Nf3 Bg4 4. h3 Bxf3 5. Qxf3 Nf6 6. g3 e6 7. Bg2 Nbd7 8. d3
Bb4 9. O-O Bxc3 10. bxc3 dxe4 11. dxe4 Qa5 12. Bb2 Ne5 13. Qe2 Qc5 14. Rfb1 Nc4
15. Bc1 b5 16. Be3 Nxe3 17. Qxe3 Qxe3 18. fxe3 e5 19. a4 O-O 20. axb5 cxb5 21.
Rxb5 Rfc8 22. Rxe5 Rxc3 23. Rea5 Re8 24. Rxa7 1/2-1/2

[Event "Australian Junior Championship U16 2017"]
[Site "?"]
[Date "2017.01.18"]
[Round "5.4"]
[White "Ostapenko, Michael"]
[Black "Mercado, Rover-Leigh"]
[Result "1-0"]
[WhiteElo "1777"]
[BlackElo "971"]
[PlyCount "47"]
[EventType "swiss"]
[EventRounds "4"]
[SourceDate "2017.01.16"]

1. e4 e5 2. Nf3 Nc6 3. Bc4 Bc5 4. c3 d6 5. d4 exd4 6. cxd4 Bb4+ 7. Nc3 Nf6 8.
d5 Bxc3+ 9. bxc3 Ne5 10. Nxe5 dxe5 11. Ba3 Bd7 12. O-O b5 13. Bd3 Rb8 14. f4
Ng4 15. Qf3 Qf6 16. h3 Nh6 17. Bc5 a6 18. Qh5 exf4 19. e5 Qd8 20. e6 Bxe6 21.
dxe6 Qxd3 22. exf7+ Nxf7 23. Rfe1+ Kd8 24. Rad1 1-0

[Event "Australian Junior Championship U16 2017"]
[Site "?"]
[Date "2017.01.18"]
[Round "5.5"]
[White "Slater-Jones, Henry"]
[Black "Manuneedhi, Kabilan"]
[Result "1-0"]
[WhiteElo "1693"]
[BlackElo "1260"]
[PlyCount "103"]
[EventType "swiss"]
[EventRounds "4"]
[SourceDate "2017.01.16"]

1. d4 d5 2. c4 e6 3. Nc3 Nf6 4. Bg5 Nbd7 5. e3 c6 6. Nf3 Be7 7. Qc2 O-O 8. Rc1
h6 9. Bh4 Re8 10. Bd3 dxc4 11. Bxc4 b5 12. Bd3 Bb7 13. O-O a6 14. Ne4 Nxe4 15.
Bxe7 Qxe7 16. Bxe4 Nf6 17. Bd3 Rac8 18. Rfd1 Red8 19. Ne5 Rd5 20. b3 c5 21. Qb2
Qd6 22. Be2 Rd8 23. Bf3 Ne4 24. Bxe4 Qxe5 25. Bxd5 Qxd5 26. f3 Qg5 27. Qe2 cxd4
28. exd4 Rxd4 29. Rxd4 Qxc1+ 30. Rd1 Qc5+ 31. Qf2 Qg5 32. Qb6 Bd5 33. Qd4 Kh7
34. Qd3+ g6 35. Qd2 Qd8 36. Rc1 Qb6+ 37. Qf2 Qd8 38. Qa7 Qf6 39. Re1 Kg7 40.
Qe3 Qd8 41. Qd4+ Kh7 42. Rc1 Kg8 43. Qe5 a5 44. Rc7 a4 45. Qc3 Bc4 46. Rc5 Qb6
47. Qd4 Kh7 48. bxc4 b4 49. Rd5 Qxd4+ 50. Rxd4 b3 51. axb3 axb3 52. Rd1 1-0

[Event "Australian Junior Championship U16 2017"]
[Site "?"]
[Date "2017.01.18"]
[Round "5.10"]
[White "Waddell, Craig"]
[Black "Rathnayake, Leron"]
[Result "1-0"]
[WhiteElo "566"]
[BlackElo "1003"]
[PlyCount "71"]
[EventType "swiss"]
[EventRounds "4"]
[SourceDate "2017.01.16"]

1. d4 Nf6 2. c4 e6 3. Nc3 Bb4 4. Qc2 O-O 5. Bf4 c5 6. e3 d5 7. Nf3 Nc6 8. a3
Ba5 9. dxc5 Re8 10. b4 Bc7 11. Bxc7 Qxc7 12. cxd5 exd5 13. Bb5 Bd7 14. O-O Ne5
15. Nxe5 Bxb5 16. Nxb5 Qxe5 17. Nd6 Re7 18. Qf5 Qxf5 19. Nxf5 Rd7 20. Nd4 a6
21. a4 a5 22. b5 Rc8 23. c6 bxc6 24. Nxc6 Ra8 25. Rfd1 Ne4 26. Rac1 f6 27. f3
Ng5 28. e4 Ne6 29. Rxd5 Rb7 30. Rcd1 Re8 31. Rd7 Rxd7 32. Rxd7 Nc5 33. Rd4 Re6
34. Nxa5 Kf7 35. Nc6 Na6 36. Nd8+ 1-0

[Event "Aus Juniors"]
[Site "?"]
[Date "2017.01.18"]
[Round "5.1"]
[White "Gooch, Heath"]
[Black "Hathiramani, Dillon"]
[Result "1/2-1/2"]
[WhiteElo "1750"]
[BlackElo "1835"]
[PlyCount "140"]
[EventDate "2017.??.??"]
[EventType "swiss"]
[EventRounds "9"]
[SourceDate "2017.01.16"]

1. e4 c5 2. Nf3 Nc6 3. d4 cxd4 4. Nxd4 Nf6 5. Nc3 e5 6. Ndb5 d6 7. Bg5 a6 8.
Na3 b5 9. Nd5 Be7 10. Bxf6 Bxf6 11. c3 Bg5 12. Nc2 O-O 13. Bd3 Be6 14. Nce3
Bxe3 15. Nxe3 Ne7 16. O-O Qd7 17. Qe2 Ng6 18. g3 Rad8 19. c4 b4 20. Nd5 f5 21.
exf5 Bxf5 22. Bxf5 Qxf5 23. Nxb4 e4 24. Nd5 Rde8 25. Ne3 Qe6 26. Qd1 Kh8 27.
Qd5 Qh3 28. f4 exf3 29. Rxf3 Rxf3 30. Qxf3 Ne5 31. Qf5 Qh6 32. Ng4 Nxg4 33.
Qxg4 Qe3+ 34. Kh1 Qf2 35. Qh5 Re2 36. Qh3 Qf3+ 37. Kg1 Qe3+ 38. Kh1 Qe4+ 39.
Kg1 Qd4+ 40. Kh1 Qe4+ 41. Kg1 Qd4+ 42. Kh1 Qxc4 43. Rf1 Qd5+ 44. Kg1 Qd4+ 45.
Kh1 Qe4+ 46. Kg1 h6 47. Rf8+ Kh7 48. Qf5+ Qxf5 49. Rxf5 Rxb2 50. Rd5 Rxa2 51.
Rxd6 a5 52. Ra6 a4 53. Kh1 a3 54. Kg1 Ra1+ 55. Kg2 a2 56. h3 Kg8 57. g4 Kf7 58.
Kh2 Ke8 59. Kg2 Kd7 60. Ra7+ Kc6 61. Ra8 Kd5 62. Rd8+ Ke4 63. Re8+ Kf4 64. Rf8+
Kg5 65. Ra8 Kh4 66. Ra5 g6 67. Ra4 Rb1 68. Rxa2 Rb3 69. Ra6 Rb2+ 70. Kf1 Kxh3
1/2-1/2

[Event "Aus Juniors"]
[Site "?"]
[Date "2017.01.18"]
[Round "5.2"]
[White "Bayaca, Sterling"]
[Black "Yang, Gordon"]
[Result "0-1"]
[WhiteElo "1546"]
[BlackElo "1663"]
[PlyCount "32"]
[EventDate "2017.??.??"]
[EventType "swiss"]
[EventRounds "9"]
[SourceDate "2017.01.16"]

1. d4 d5 2. Bf4 c5 3. c3 Nc6 4. Nd2 Qb6 5. Qb3 cxd4 6. cxd4 Nxd4 7. Qd3 Bf5 8.
e4 dxe4 9. Nxe4 Qxb2 10. Rd1 e5 11. Bc1 Bb4+ 12. Bd2 Rd8 13. Qg3 Nc2+ 14. Ke2
Bxe4 15. Qxg7 Qd4 16. Qxh8 Qd3# 0-1

[Event "Aus Juniors"]
[Site "?"]
[Date "2017.01.18"]
[Round "5.3"]
[White "Salasan, Haran"]
[Black "Ginovic, Aleksy"]
[Result "0-1"]
[WhiteElo "1535"]
[BlackElo "1224"]
[PlyCount "112"]
[EventDate "2017.??.??"]
[EventType "swiss"]
[EventRounds "9"]
[SourceDate "2017.01.16"]

1. d4 d5 2. c4 c6 3. cxd5 cxd5 4. Bf4 Nf6 5. Nc3 Nc6 6. e3 a6 7. Bd3 Bg4 8.
Nge2 e6 9. a3 Bd6 10. f3 Bxf4 11. Nxf4 Bh5 12. O-O Bg6 13. Bxg6 hxg6 14. Qd3
Qc7 15. g3 g5 16. Nfe2 O-O-O 17. b4 Ne7 18. Rac1 Nc6 19. b5 axb5 20. Nxb5 Qb8
21. a4 Kd7 22. Qa3 Rh3 23. Rf2 Rdh8 24. Rg2 g4 25. f4 Ne4 26. Nec3 Nxc3 27.
Rxc3 f6 28. a5 e5 29. Qc5 Ne7 30. Qc7+ Qxc7 31. Rxc7+ Ke6 32. f5+ Nxf5 33. Rxb7
Rc8 34. Nc7+ Kd6 35. Rc2 Rhh8 36. dxe5+ fxe5 37. Kf2 Rxh2+ 38. Ke1 Rxc2 39.
Nb5+ Kc6 40. Rb6+ Kc5 41. Na7 Rc7 42. Nb5 Rc6 43. Rb8 Rb2 44. a6 Rxb5 45. a7
Ra6 46. Rc8+ Kb4 47. a8=Q Rxa8 48. Rxa8 Kc4 49. Kf2 Rb2+ 50. Kg1 Kd3 51. Ra3+
Ke4 52. Rc3 Nxe3 53. Ra3 Kf3 54. Ra1 Kxg3 55. Re1 d4 56. Ra1 Rd2 0-1

[Event "Aus Juniors"]
[Site "?"]
[Date "2017.01.19"]
[Round "6.1"]
[White "Hathiramani, Dillon"]
[Black "Yang, Gordon"]
[Result "0-1"]
[WhiteElo "1835"]
[BlackElo "1663"]
[PlyCount "100"]
[EventDate "2017.??.??"]
[EventType "swiss"]
[EventRounds "9"]
[SourceDate "2017.01.16"]

1. e4 c5 2. Nf3 e6 3. d3 b5 4. a4 b4 5. g3 Bb7 6. Bg2 d6 7. O-O Be7 8. c3 a5 9.
Re1 Nd7 10. d4 Ngf6 11. e5 dxe5 12. dxe5 Nd5 13. c4 Nc7 14. Qe2 O-O 15. Bf4 Ne8
16. Nbd2 g6 17. Bh6 Ng7 18. h4 Re8 19. Bxg7 Kxg7 20. h5 f6 21. hxg6 hxg6 22.
Rad1 f5 23. Ng5 Bxg5 24. Bxb7 Rb8 25. Bc6 Re7 26. Nf3 Bh6 27. Qd3 Qc7 28. Qd6
Nb6 29. b3 Rc8 30. Bb5 g5 31. Rd3 g4 32. Nh4 Bg5 33. Ng2 Qb7 34. Red1 Kf7 35.
Rf1 Rec7 36. Rdd1 Rd8 37. Qxd8 Bxd8 38. Rxd8 Nd7 39. Bxd7 Rxd7 40. Rd1 Rxd8 41.
Rxd8 Qe4 42. Rd1 Qc2 43. Rd7+ Ke8 44. Ra7 Qxb3 45. Rxa5 Qxc4 46. Ne3 Qc1+ 47.
Kg2 b3 48. Ra6 Kd7 49. Rd6+ Ke7 50. Rd1 b2 0-1

[Event "Australian Junior Championship U16 2017"]
[Site "?"]
[Date "2017.01.19"]
[Round "6.2"]
[White "Ginovic, Aleksy"]
[Black "Gooch, Heath"]
[Result "0-1"]
[WhiteElo "1224"]
[BlackElo "1750"]
[PlyCount "76"]
[EventType "swiss"]
[EventRounds "4"]
[SourceDate "2017.01.16"]

1. d4 d5 2. c4 c6 3. Nf3 Nf6 4. Nc3 dxc4 5. a4 Bf5 6. e3 e6 7. Bxc4 Bb4 8. Qb3
a5 9. O-O Nbd7 10. e4 Nxe4 11. Nxe4 Bxe4 12. Bd2 Bxf3 13. Bxb4 axb4 14. Qxf3
Nb6 15. Qd3 Rxa4 16. Qb3 Rxa1 17. Rxa1 O-O 18. Qxb4 Qxd4 19. Rc1 Nxc4 20. Qxc4
Qxc4 21. Rxc4 Rd8 22. Kf1 Rd5 23. Ra4 Kf8 24. Ke2 Ke7 25. Ke3 Kd6 26. Ra7 Rb5
27. Ra2 Kc5 28. Kd3 Kb4 29. Ra1 Kb3 30. Rf1 Rd5+ 31. Ke4 Rd7 32. f4 Kxb2 33. g4
Kb3 34. h4 c5 35. g5 c4 36. h5 c3 37. g6 hxg6 38. hxg6 fxg6 0-1

[Event "Australian Junior Championship U16 2017"]
[Site "?"]
[Date "2017.01.19"]
[Round "6.3"]
[White "Slater-Jones, Henry"]
[Black "Ostapenko, Michael"]
[Result "1/2-1/2"]
[WhiteElo "1693"]
[BlackElo "1777"]
[PlyCount "57"]
[EventType "swiss"]
[EventRounds "4"]
[SourceDate "2017.01.16"]

1. d4 d5 2. c4 c6 3. Nc3 Nf6 4. e3 e6 5. Nf3 Bd6 6. Bd3 O-O 7. O-O Nbd7 8. Qc2
dxc4 9. Bxc4 Qe7 10. Rd1 b5 11. Bd3 Bb7 12. Bd2 a6 13. Rac1 Rfd8 14. Ng5 h6 15.
Nge4 Bc7 16. Nxf6+ Nxf6 17. Ne4 Nxe4 18. Bxe4 Rac8 19. g3 Bd6 20. Ba5 Rd7 21.
Bb6 Bc7 22. Bxc7 Rdxc7 23. Qc5 Qxc5 24. Rxc5 Kf8 25. Rdc1 Ke7 26. d5 exd5 27.
Bxd5 Kd6 28. Bg2 Re8 29. Kf1 1/2-1/2

[Event "Australian Junior Championship U16 2017"]
[Site "?"]
[Date "2017.01.19"]
[Round "6.4"]
[White "Yap, Ignatius"]
[Black "Salasan, Haran"]
[Result "1-0"]
[WhiteElo "1865"]
[BlackElo "1535"]
[PlyCount "143"]
[EventType "swiss"]
[EventRounds "4"]
[SourceDate "2017.01.16"]

1. d4 Nf6 2. Nf3 g6 3. e3 Bg7 4. Bd3 d5 5. O-O O-O 6. Nbd2 Nbd7 7. c3 c5 8. e4
dxe4 9. Nxe4 Nxe4 10. Bxe4 cxd4 11. Nxd4 Nc5 12. Bc2 e5 13. Nb3 Ne6 14. Qf3 Qc7
15. Be3 f5 16. Rad1 f4 17. Bc1 Ng5 18. Qd5+ Be6 19. Qd6 Qxd6 20. Rxd6 Rfd8 21.
Rfd1 Rxd6 22. Rxd6 Bf8 23. Rd1 Be7 24. Re1 Bf6 25. Nc5 Bc8 26. Bb3+ Kf8 27. Nd3
Nf7 28. Bxf7 Kxf7 29. Nxe5+ Bxe5 30. Rxe5 Be6 31. Bxf4 Bxa2 32. h3 Be6 33. Bg5
Rc8 34. Rb5 Rc7 35. Rb4 Rd7 36. Bf4 Ke8 37. Bh6 Rf7 38. Rd4 Bd7 39. Be3 a6 40.
Kf1 Be6 41. Bg5 Rd7 42. Ke2 Rxd4 43. cxd4 Kd7 44. Ke3 Bd5 45. g4 Ke6 46. Kf4 h5
47. gxh5 gxh5 48. Bd8 Kd6 49. Ke3 Ke6 50. Kf4 Kd6 51. Kg3 Bf7 52. Kh4 Kd5 53.
Bf6 Ke4 54. Kg5 Be6 55. h4 Bf7 56. f4 b5 57. Be5 Kd5 58. Kf6 Be8 59. f5 b4 60.
Ke7 Ke4 61. f6 Bg6 62. f7 Bxf7 63. Kxf7 a5 64. b3 a4 65. Ke6 axb3 66. d5 Kd3
67. d6 Kc2 68. d7 b2 69. Bxb2 Kxb2 70. d8=Q Kc2 71. Qc7+ Kb1 72. Qc4 1-0

[Event "Australian Junior Championship U16 2017"]
[Site "?"]
[Date "2017.01.19"]
[Round "6.5"]
[White "Chan, Jacob"]
[Black "Au, Alexander"]
[Result "0-1"]
[WhiteElo "1315"]
[BlackElo "1612"]
[PlyCount "62"]
[EventType "swiss"]
[EventRounds "4"]
[SourceDate "2017.01.16"]

1. e4 d5 2. exd5 Nf6 3. d4 Bg4 4. Nf3 Qxd5 5. Be2 Nc6 6. c4 Qf5 7. Be3 O-O-O 8.
Nc3 e5 9. d5 Bxf3 10. Bxf3 Nd4 11. Bxd4 exd4 12. Qxd4 Re8+ 13. Kf1 Kb8 14. c5
Qe5 15. Qc4 Nd7 16. b4 g6 17. Rd1 Bg7 18. Nb5 Qf6 19. Nd4 Ne5 20. Qb5 a6 21.
Qa4 Nxf3 22. Nxf3 Qf4 23. Qb3 g5 24. g3 Qf5 25. h3 h5 26. d6 cxd6 27. cxd6 g4
28. Nd4 Qe4 29. f3 gxf3 30. Qxf3 Bxd4 31. Kg2 Qc2+ 0-1

[Event "Australian Junior Championship U16 2017"]
[Site "?"]
[Date "2017.01.19"]
[Round "6.7"]
[White "Manuneedhi, Kabilan"]
[Black "Waddell, Craig"]
[Result "1-0"]
[WhiteElo "1260"]
[BlackElo "566"]
[PlyCount "73"]
[EventType "swiss"]
[EventRounds "4"]
[SourceDate "2017.01.16"]

1. d4 Nf6 2. Nc3 g6 3. e4 Bg7 4. Bf4 d6 5. Bd3 O-O 6. Qd2 Be6 7. Nf3 Nbd7 8.
O-O-O c5 9. d5 Bg4 10. h3 Bxf3 11. gxf3 Kh8 12. Bh6 Rg8 13. Bxg7+ Rxg7 14. f4
a6 15. Qe3 b5 16. e5 Ne8 17. Kb1 Nc7 18. Qg3 b4 19. Na4 a5 20. h4 Rb8 21. h5
Nxd5 22. hxg6 fxg6 23. Bxg6 Rxg6 24. Qxg6 Nf8 25. Qf7 Nxf4 26. Qxf4 Ng6 27. Qf7
Qg8 28. Qxg8+ Rxg8 29. exd6 exd6 30. Rxd6 Rf8 31. Rxg6 Rxf2 32. b3 Rf5 33. Rgh6
Kg7 34. Rxh7+ Kf6 35. R7h6+ Kg5 36. R1h5+ Kf4 37. Rxf5+ 1-0

[Event "Australian Junior Championship U16 2017"]
[Site "?"]
[Date "2017.01.19"]
[Round "6.8"]
[White "Mercado, Rover-Leigh"]
[Black "Harris, Patrick"]
[Result "1/2-1/2"]
[WhiteElo "971"]
[BlackElo "1169"]
[PlyCount "72"]
[EventType "swiss"]
[EventRounds "4"]
[SourceDate "2017.01.16"]

1. e4 c5 2. Nf3 Nc6 3. d4 cxd4 4. Nxd4 Nf6 5. Nxc6 bxc6 6. Nc3 d6 7. Be3 e6 8.
Qd2 d5 9. O-O-O Bb4 10. Qd3 a5 11. Na4 Nxe4 12. Qd4 Nf6 13. a3 Be7 14. h4 O-O
15. h5 Qc7 16. Bf4 Bd6 17. Bxd6 Qxd6 18. h6 e5 19. Qh4 g6 20. f3 Nd7 21. Bd3
Qf6 22. Qg3 Qf4+ 23. Qxf4 exf4 24. Rh4 g5 25. Rh5 f6 26. Re1 Ne5 27. Nc5 Nxd3+
28. cxd3 Bf5 29. Rhh1 Rae8 30. Kd2 Kf7 31. Rxe8 Rxe8 32. Nb7 Rb8 33. Nd6+ Kg6
34. Kc3 Rd8 35. Nb7 Ra8 36. Nd6 Ra7 1/2-1/2